00464nam a2200181Ia 4500003000400000005001700004008004100021020001800062040000600080041001200086082002200098100001700120245007600137250001200213260003400225300001400259440000900273OSt20241004100235.0240126s9999 xx 000 0 und d a9789388267335 c0 aEnglish a174.954 MAT;1 R aMathur, D N. 0aProfessional ethics, accountability for lawyers and bench-bar relations a1st ed. bCentral Law AgencyaPrayagraj axlvi, 503 aNULL